| 000 | 01192nam a22002657a 4500 | ||
|---|---|---|---|
| 003 | OSt | ||
| 005 | 20250702135130.0 | ||
| 008 | 200211s2016 ck ||||er|||| 00| p spa d | ||
| 020 | _a9789587725032 | ||
| 040 |
_aCO-JMCR _cCO-JMCR |
||
| 041 | 0 | _aspa | |
| 082 | 0 | 4 |
_aA-P _bGARv |
| 100 | 1 |
_aGarcía Lorca, Federico, _eautor _9431 |
|
| 245 | 1 | 0 |
_aVerde que te quiero verde : _bantología poética / _cautor |
| 250 | _aPrimera edición | ||
| 260 |
_aBogotá : _bUniversidad Externado de Colombia, _c2016 |
||
| 300 |
_a76 páginas ; _c15 cm. |
||
| 490 | 0 |
_aUn libro por centavos _vN° 125 |
|
| 500 | _aIncluye datos biográficos del autor. | ||
| 520 | _a"Ni el poeta ni nadie tienen la clave y el secreto del mundo. Quiero ser bueno. Sé que la poesía eleva, y, siendo bueno con el asno y con el filósofo creo firmemente que si hay un más allá tendré la agradable sorpresa de encontrarme con él. Pero el dolor del hombre y la injusticia constante que mana del mundo, y mi propio cuerpo y mi propio pensamiento, me evitan trasladar mi casa a las estrellas" | ||
| 650 | 1 | 4 |
_aPoesía española _9381 |
| 650 | 1 | 4 |
_aAmor _xpoemas _9432 |
| 650 | 1 | 4 |
_aMuerte _xpoemas _9433 |
| 942 |
_2ddc _cBK |
||
| 999 |
_c6488 _d6488 |
||